Songs from Bowie's Diamond Dogs - Statistics

General Stats
  • This quiz has been taken 23 times
  • The average score is 8 of 11
Answer Stats
Picture Answer % Correct
1984
100%
Diamond Dogs
100%
Rebel Rebel
100%
Big Brother
92%
Chant of the Ever Circling Skeletal Family
69%
Future Legend
62%
Candidate
54%
Sweet Thing
54%
Sweet Thing - Reprise
54%
We Are The Dead
54%
Rock 'n' Roll With Me
46%
No matching quizzes found
Score Distribution
Percent of People with Each Score
Percentile by Number Answered
Your Score History
You have not taken this quiz